Chính sách thuế của nhà nước trong tiến trình hội nhập

সংরক্ষণ করুন:
গ্রন্থ-পঞ্জীর বিবরন
প্রধান লেখক: Lê Văn Ái
বিন্যাস: গ্রন্থ
ভাষা:Undetermined
প্রকাশিত: H. Tài Chính 2002
বিষয়গুলি:
ট্যাগগুলো: ট্যাগ যুক্ত করুন
কোনো ট্যাগ নেই, প্রথমজন হিসাবে ট্যাগ করুন!
Thư viện lưu trữ: Trung tâm Học liệu Trường Đại học Cần Thơ
LEADER 00668nam a2200205Ia 4500
001 CTU_54488
008 210402s9999 xx 000 0 und d
020 |b 25000 
082 |a 339.525 
082 |b A103 
100 |a Lê Văn Ái 
245 0 |a Chính sách thuế của nhà nước trong tiến trình hội nhập 
245 0 |c Lê Văn Ái, Đỗ Đức Minh và Nguyễn Mai Phương 
260 |a H. 
260 |b Tài Chính 
260 |c 2002 
650 |a taxation,macroeconomics,vietnam 
650 |x developing countries,economic aspects 
650 |z vietnam 
980 |a Trung tâm Học liệu Trường Đại học Cần Thơ